MyGZULibrary

What every BODY is saying : (Record no. 181)

MARC details
000 -LEADER
fixed length control field 01836cam a2200373 a 4500
001 - CONTROL NUMBER
control field 15050592
003 - CONTROL NUMBER IDENTIFIER
control field GZU
005 - DATE AND TIME OF LATEST TRANSACTION
control field 20200828112729.0
008 - FIXED-LENGTH DATA ELEMENTS--GENERAL INFORMATION
fixed length control field 071019s2008 nyua b 001 0 eng
010 ## - LIBRARY OF CONGRESS CONTROL NUMBER
LC control number 2007042615
015 ## - NATIONAL BIBLIOGRAPHY NUMBER
National bibliography number GBA819491
Source bnb
016 7# - NATIONAL BIBLIOGRAPHIC AGENCY CONTROL NUMBER
Record control number 014524266
Source Uk
020 ## - INTERNATIONAL STANDARD BOOK NUMBER
International Standard Book Number 9780061438295 (pbk.)
020 ## - INTERNATIONAL STANDARD BOOK NUMBER
International Standard Book Number 0061438294 (pbk.)
035 ## - SYSTEM CONTROL NUMBER
System control number (OCoLC)ocn175289941
035 ## - SYSTEM CONTROL NUMBER
System control number (OCoLC)175289941
Canceled/invalid control number (OCoLC)156816813
040 ## - CATALOGING SOURCE
Original cataloging agency DLC
Transcribing agency DLC
Modifying agency YDX
-- BAKER
-- BTCTA
-- YDXCP
-- UKM
-- IH9
-- OCLCG
-- DLC
050 00 - LIBRARY OF CONGRESS CALL NUMBER
Classification number BF637.N66
Item number N38 2008
082 00 - DEWEY DECIMAL CLASSIFICATION NUMBER
Classification number 153.6/9
Edition number 22
100 1# - MAIN ENTRY--PERSONAL NAME
Personal name Navarro, Joe,
Dates associated with a name 1953-
Relator term author
245 10 - TITLE STATEMENT
Title What every BODY is saying :
Remainder of title an ex-FBI agent's guide to speed reading people /
Statement of responsibility, etc. Joe Navarro, with Marvin Karlins.
250 ## - EDITION STATEMENT
Edition statement 1st ed.
260 ## - PUBLICATION, DISTRIBUTION, ETC.
Place of publication, distribution, etc. New York, NY :
Name of publisher, distributor, etc. Collins,
Date of publication, distribution, etc. c2008.
300 ## - PHYSICAL DESCRIPTION
Extent xviii, 250 p. :
Other physical details ill. ;
Dimensions 23 cm.
504 ## - BIBLIOGRAPHY, ETC. NOTE
Bibliography, etc. note Includes bibliographical references (p. [235]-237) and index.
505 0# - FORMATTED CONTENTS NOTE
Formatted contents note I see what you're thinking -- Mastering the secrets of nonverbal communication -- Living our limbic legacy -- Getting a leg up on body language : nonverbals of the feet and legs -- Torso tips: nonverbals of the torso, hips, chest, and shoulders -- Knowledge within reach : nonverbals of the arms -- Getting a grip : nonverbals of the hands and fingers -- The mind's canvas : nonverbals of the face -- Detecting deception : proceed with caution! -- Some final thoughts.
650 #0 - SUBJECT ADDED ENTRY--TOPICAL TERM
Topical term or geographic name entry element Body language.
650 #0 - SUBJECT ADDED ENTRY--TOPICAL TERM
Topical term or geographic name entry element Nonverbal communication.
700 1# - ADDED ENTRY--PERSONAL NAME
Personal name Karlins, Marvin.
856 41 - ELECTRONIC LOCATION AND ACCESS
Materials specified Table of contents only
Uniform Resource Identifier <a href="http://www.loc.gov/catdir/toc/ecip082/2007042615.html">http://www.loc.gov/catdir/toc/ecip082/2007042615.html</a>
906 ## - LOCAL DATA ELEMENT F, LDF (RLIN)
a 7
b cbc
c orignew
d 1
e ecip
f 20
g y-gencatlg
942 ## - ADDED ENTRY ELEMENTS (KOHA)
Source of classification or shelving scheme Library of Congress Classification
Koha item type Books
Classification part 637
Item part NAV
Call number prefix BF
Call number suffix 2008
Holdings
Withdrawn status Lost status Damaged status Not for loan Collection code Home library Current library Shelving location Date acquired Total Checkouts Full call number Barcode Date last seen Copy number Price effective from Koha item type
        Non-fiction City Campus Library City Campus Library General Stacks 07/08/2020   BF637 NAV 2008 003819 07/08/2020 c.1 07/08/2020 Books